[Event "20eme Open de Wasselonne"]
[Site "Espace Saint-Laurent Wasselonne"]
[Date "2015.08.04"]
[Round "5.1"]
[White "Bellahcene, Bilel"]
[Black "Braeuning, Rudolf Wilhelm"]
[Result "1-0"]
[BlackElo "2358"]
[WhiteElo "2467"]
[LiveChessVersion "1.4.8"]

1. d4 {[%clk 1:26:24]} Nf6 {[%clk 1:27:50]} 2. c4 {[%clk 1:26:51]} Nc6
{[%clk 1:27:25]} 3. Nf3 {[%clk 1:26:38]} e6 {[%clk 1:27:37]} 4. a3
{[%clk 1:26:47]} d6 {[%clk 1:27:42]} 5. Nc3 {[%clk 1:27:10]} g6 {[%clk 1:28:00]}
6. g3 {[%clk 1:27:05]} Bg7 {[%clk 1:28:03]} 7. Bg2 {[%clk 1:27:30]} O-O
{[%clk 1:25:45]} 8. O-O {[%clk 1:27:58]} Na5 {[%clk 1:12:07]} 9. b3
{[%clk 1:15:34]} e5 {[%clk 0:36:08]} 10. d5 {[%clk 1:11:40]} a6 {[%clk 0:33:19]}
11. e4 {[%clk 1:09:09]} c5 {[%clk 0:30:46]} 12. Nd2 {[%clk 1:05:23]} b5
{[%clk 0:24:51]} 13. Rb1 {[%clk 1:00:15]} Rb8 {[%clk 0:16:10]} 14. cxb5
{[%clk 0:59:35]} axb5 {[%clk 0:15:57]} 15. b4 {[%clk 1:00:02]} cxb4
{[%clk 0:15:42]} 16. axb4 {[%clk 0:59:08]} Nc4 {[%clk 0:10:06]} 17. Nxc4
{[%clk 0:55:52]} bxc4 {[%clk 0:10:34]} 18. Bd2 {[%clk 0:55:33]} Nd7
{[%clk 0:06:43]} 19. b5 {[%clk 0:54:29]} Nc5 {[%clk 0:06:19]} 20. Rb4
{[%clk 0:53:07]} Nd3 {[%clk 0:06:25]} 21. Rb1 {[%clk 0:53:35]} Nc5
{[%clk 0:05:50]} 22. Be3 {[%clk 0:52:52]} Nb3 {[%clk 0:02:54]} 23. Qe2
{[%clk 0:52:19]} f5 {[%clk 0:02:46]} 24. Qxc4 {[%clk 0:51:08]} Na5
{[%clk 0:01:02]} 25. Qe2 {[%clk 0:50:29]} f4 {[%clk 0:01:09]} 26. Bd2
{[%clk 0:50:54]} Qc7 {[%clk 0:00:41]} 27. Rfc1 {[%clk 0:51:14]} Qc4
{[%clk 0:00:50]} 28. Bf1 {[%clk 0:50:53]} Qd4 {[%clk 0:00:50]} 29. Nd1
{[%clk 0:49:50]} fxg3 {[%clk 0:00:38]} 30. hxg3 {[%clk 0:50:19]} Bg4
{[%clk 0:00:56]} 31. Qe1 {[%clk 0:48:14]} Bf3 {[%clk 0:00:58]} 32. Bxa5
{[%clk 0:47:51]} Bh6 {[%clk 0:00:52]} 33. Rc4 {[%clk 0:47:54]} Qa7
{[%clk 0:00:58]} 34. Bd2 {[%clk 0:47:28]} Bxd2 {[%clk 0:00:35]} 35. Qxd2
{[%clk 0:47:57]} Rf7 {[%clk 0:00:52]} 36. Ne3 {[%clk 0:47:33]} Rbf8
{[%clk 0:01:03]} 37. b6 {[%clk 0:47:40]} Qb7 {[%clk 0:00:53]} 38. Bg2
{[%clk 0:48:01]} Bxg2 {[%clk 0:00:47]} 39. Kxg2 {[%clk 0:48:15]} Rf3
{[%clk 0:00:47]} 40. Nf5 {[%clk 0:47:50]} Ra3 {[%clk 0:00:34]} 41. Rc7
{[%clk 0:48:15]} Qa8 {[%clk 0:00:38]} 42. Rg7+ {[%clk 0:48:42]} Kh8
{[%clk 0:00:57]} 43. Rxh7+ {[%clk 0:49:09]} Kxh7 {[%clk 0:01:17]} 44. Qh6+
{[%clk 0:49:37]} Kg8 {[%clk 0:01:37]} 45. Qxg6+ 1-0

[Event "20eme Open de Wasselonne"]
[Site "Espace Saint-Laurent Wasselonne"]
[Date "2015.08.04"]
[Round "5.2"]
[White "Schmitt, Andre"]
[Black "Arnaudov, G. Petar"]
[Result "0-1"]
[BlackElo "2466"]
[WhiteElo "2305"]
[LiveChessVersion "1.4.8"]

1. Nf3 {[%clk 1:30:55]} Nf6 {[%clk 1:29:36]} 2. g3 {[%clk 1:31:07]} d5
{[%clk 1:29:50]} 3. Bg2 {[%clk 1:31:03]} e6 {[%clk 1:30:12]} 4. O-O
{[%clk 1:30:51]} c5 {[%clk 1:30:33]} 5. c4 {[%clk 1:27:47]} Nc6 {[%clk 1:30:18]}
6. d4 {[%clk 1:26:34]} dxc4 {[%clk 1:29:10]} 7. Qa4 {[%clk 1:25:41]} Bd7
{[%clk 1:28:05]} 8. Qxc4 {[%clk 1:19:43]} b5 {[%clk 1:28:27]} 9. Qd3
{[%clk 1:15:01]} c4 {[%clk 1:28:49]} 10. Qd1 {[%clk 1:15:20]} Rc8
{[%clk 1:27:44]} 11. b3 {[%clk 1:12:32]} cxb3 {[%clk 1:27:03]} 12. axb3
{[%clk 1:10:56]} Qb6 {[%clk 1:26:16]} 13. Bb2 {[%clk 1:03:31]} Be7
{[%clk 1:25:27]} 14. Ne5 {[%clk 0:48:29]} O-O {[%clk 1:23:56]} 15. Nxd7
{[%clk 0:42:34]} Nxd7 {[%clk 1:24:17]} 16. e3 {[%clk 0:39:30]} Nf6
{[%clk 1:23:23]} 17. Nc3 {[%clk 0:37:02]} a6 {[%clk 1:20:26]} 18. Ne4
{[%clk 0:28:56]} Rfd8 {[%clk 1:11:22]} 19. Rc1 {[%clk 0:27:15]} Nb4
{[%clk 1:05:16]} 20. Qe2 {[%clk 0:25:40]} Nxe4 {[%clk 1:02:56]} 21. Bxe4
{[%clk 0:26:03]} Nd5 {[%clk 1:02:31]} 22. Rc2 {[%clk 0:23:02]} Nb4
{[%clk 0:49:37]} 23. Rxc8 {[%clk 0:21:02]} Rxc8 {[%clk 0:48:11]} 24. Rc1
{[%clk 0:21:24]} Rxc1+ {[%clk 0:45:52]} 25. Bxc1 {[%clk 0:21:52]} a5
{[%clk 0:41:40]} 26. Qb2 {[%clk 0:18:19]} f5 {[%clk 0:39:31]} 27. Bb1
{[%clk 0:17:37]} Qc6 {[%clk 0:32:38]} 28. Bd2 {[%clk 0:16:46]} Nd5
{[%clk 0:32:32]} 29. Qa2 {[%clk 0:09:38]} Bb4 {[%clk 0:27:36]} 30. Bxb4
{[%clk 0:08:54]} axb4 {[%clk 0:27:56]} 31. Bd3 {[%clk 0:07:50]} Qc1+
{[%clk 0:27:03]} 32. Kg2 {[%clk 0:07:28]} Qa3 {[%clk 0:27:20]} 33. Qc2
{[%clk 0:07:14]} Nc3 {[%clk 0:27:16]} 34. f3 {[%clk 0:06:00]} Qa7
{[%clk 0:19:02]} 35. Qf2 {[%clk 0:03:23]} Qa3 {[%clk 0:19:13]} 36. Bc2
{[%clk 0:03:27]} Qc1 {[%clk 0:18:49]} 37. e4 {[%clk 0:03:26]} g6 {[%clk 0:19:02]}
38. d5 {[%clk 0:01:44]} fxe4 {[%clk 0:17:21]} 39. fxe4 {[%clk 0:00:46]} exd5
{[%clk 0:16:51]} 40. exd5 {[%clk 0:00:34]} Nxd5 {[%clk 0:16:08]} 41. Be4
{[%clk 0:01:04]} Ne3+ {[%clk 0:15:26]} 42. Kf3 {[%clk 0:01:13]} Nd1
{[%clk 0:11:20]} 43. Qb6 {[%clk 0:00:00]} 0-1

[Event "20eme Open de Wasselonne"]
[Site "Espace Saint-Laurent Wasselonne"]
[Date "2015.08.04"]
[Round "5.3"]
[White "Kukov, Velislav"]
[Black "Haub, Thorsten Michael"]
[Result "1/2-1/2"]
[BlackElo "2366"]
[WhiteElo "2363"]
[LiveChessVersion "1.4.8"]

1. b3 {[%clk 1:28:37]} e5 {[%clk 1:30:44]} 2. Bb2 {[%clk 1:29:02]} d6
{[%clk 1:31:09]} 3. e3 {[%clk 1:29:17]} Nf6 {[%clk 1:31:10]} 4. c4
{[%clk 1:29:31]} Nbd7 {[%clk 1:30:31]} 5. Nf3 {[%clk 1:27:58]} g6
{[%clk 1:25:21]} 6. d4 {[%clk 1:26:29]} Qe7 {[%clk 1:23:03]} 7. Be2
{[%clk 1:24:51]} Bg7 {[%clk 1:23:21]} 8. Nc3 {[%clk 1:23:54]} O-O
{[%clk 1:16:55]} 9. O-O {[%clk 1:23:55]} e4 {[%clk 1:10:10]} 10. Nd2
{[%clk 1:23:21]} Re8 {[%clk 1:10:36]} 11. Qc2 {[%clk 1:19:35]} 1/2-1/2

[Event "20eme Open de Wasselonne"]
[Site "Espace Saint-Laurent Wasselonne"]
[Date "2015.08.04"]
[Round "5.4"]
[White "Ehmann, Thilo"]
[Black "Becker, Dirk"]
[Result "1-0"]
[BlackElo "2270"]
[WhiteElo "2283"]
[LiveChessVersion "1.4.8"]

1. e4 {[%clk 1:30:59]} e5 {[%clk 1:29:43]} 2. Nf3 {[%clk 1:31:21]} Nc6
{[%clk 1:29:30]} 3. Bc4 {[%clk 1:31:33]} Bc5 {[%clk 1:29:22]} 4. c3
{[%clk 1:31:40]} Nf6 {[%clk 1:29:17]} 5. d4 {[%clk 1:31:51]} exd4
{[%clk 1:29:22]} 6. cxd4 {[%clk 1:32:15]} Bb4+ {[%clk 1:29:34]} 7. Kf1
{[%clk 1:31:41]} d5 {[%clk 1:26:28]} 8. exd5 {[%clk 1:31:30]} Nxd5
{[%clk 1:25:36]} 9. Nc3 {[%clk 1:31:49]} Bxc3 {[%clk 1:22:13]} 10. bxc3
{[%clk 1:31:36]} O-O {[%clk 1:22:30]} 11. Ng5 {[%clk 1:30:34]} g6
{[%clk 1:20:09]} 12. Qf3 {[%clk 1:29:42]} Be6 {[%clk 0:53:59]} 13. Kg1
{[%clk 1:23:45]} Na5 {[%clk 0:39:15]} 14. Be2 {[%clk 1:20:51]} Qd7
{[%clk 0:33:40]} 15. c4 {[%clk 1:00:00]} Nb6 {[%clk 0:28:25]} 16. d5
{[%clk 0:57:41]} Bf5 {[%clk 0:26:36]} 17. Qc3 {[%clk 0:55:27]} Qa4
{[%clk 0:26:15]} 18. Ba3 {[%clk 0:40:42]} Nbxc4 {[%clk 0:20:37]} 19. Bxf8
{[%clk 0:40:41]} Rxf8 {[%clk 0:21:01]} 20. g4 {[%clk 0:39:58]} Bc8
{[%clk 0:11:45]} 21. Ne4 {[%clk 0:39:03]} Qa3 {[%clk 0:11:55]} 22. Nf6+
{[%clk 0:37:42]} Kh8 {[%clk 0:11:00]} 23. Qxa3 {[%clk 0:37:47]} Nxa3
{[%clk 0:11:23]} 24. Rc1 {[%clk 0:38:05]} Kg7 {[%clk 0:11:05]} 25. g5
{[%clk 0:38:29]} c6 {[%clk 0:10:48]} 26. Bf3 {[%clk 0:32:24]} Nb5
{[%clk 0:10:24]} 27. Kg2 {[%clk 0:32:04]} Nd4 {[%clk 0:10:01]} 28. Rhd1
{[%clk 0:30:50]} Nxf3 {[%clk 0:10:14]} 29. Kxf3 {[%clk 0:31:15]} cxd5
{[%clk 0:10:38]} 30. Rxd5 {[%clk 0:30:38]} Nc6 {[%clk 0:11:02]} 31. a3
{[%clk 0:30:04]} Be6 {[%clk 0:11:20]} 32. Rd6 {[%clk 0:29:45]} Rc8
{[%clk 0:09:35]} 33. Kf4 {[%clk 0:29:50]} h6 {[%clk 0:09:45]} 34. h4
{[%clk 0:27:52]} hxg5+ {[%clk 0:08:16]} 35. hxg5 {[%clk 0:28:13]} Rh8
{[%clk 0:08:24]} 36. f3 {[%clk 0:27:12]} Kf8 {[%clk 0:07:41]} 37. Rb1
{[%clk 0:23:31]} Ke7 {[%clk 0:07:54]} 38. Rd2 {[%clk 0:23:48]} Na5
{[%clk 0:08:04]} 39. Nd5+ {[%clk 0:20:48]} Kd6 {[%clk 0:08:03]} 40. Nf6+
{[%clk 0:20:17]} Kc6 {[%clk 0:07:28]} 41. Ne4 {[%clk 0:15:27]} Nc4
{[%clk 0:07:31]} 42. Rc2 {[%clk 0:13:13]} b5 {[%clk 0:07:51]} 43. a4
{[%clk 0:11:19]} a6 {[%clk 0:08:08]} 44. axb5+ {[%clk 0:07:54]} axb5
{[%clk 0:08:33]} 45. Rc3 {[%clk 0:04:55]} Rd8 {[%clk 0:08:41]} 46. Rcb3
{[%clk 0:04:28]} Rb8 {[%clk 0:08:33]} 47. Rb4 {[%clk 0:03:45]} Nb6
{[%clk 0:07:14]} 48. Rc1+ {[%clk 0:02:48]} Nc4 {[%clk 0:07:34]} 49. Ra1
{[%clk 0:02:55]} Kb6 {[%clk 0:06:51]} 50. Rxb5+ {[%clk 0:03:03]} Kxb5
{[%clk 0:06:33]} 51. Rb1+ {[%clk 0:03:28]} Kc6 {[%clk 0:06:59]} 52. Rxb8
{[%clk 0:03:55]} Nb6 {[%clk 0:07:13]} 53. Rd8 {[%clk 0:04:07]} Kc7
{[%clk 0:07:35]} 54. Rd1 {[%clk 0:04:32]} Nc4 {[%clk 0:07:46]} 55. Nf2
{[%clk 0:04:36]} Kc6 {[%clk 0:07:52]} 56. Nd3 {[%clk 0:05:00]} Kc7
{[%clk 0:07:48]} 57. Nc5 {[%clk 0:05:07]} Bf5 {[%clk 0:08:08]} 58. Rd4
{[%clk 0:05:01]} Nb6 {[%clk 0:08:15]} 59. Nd3 {[%clk 0:04:39]} Be6
{[%clk 0:08:23]} 60. Ne5 {[%clk 0:04:24]} Nd5+ {[%clk 0:08:28]} 61. Kg3
{[%clk 0:04:50]} Kd6 {[%clk 0:08:49]} 62. f4 {[%clk 0:05:16]} Ke7
{[%clk 0:08:56]} 63. Ra4 {[%clk 0:05:43]} Ne3 {[%clk 0:08:32]} 64. Ra7+
{[%clk 0:05:57]} Ke8 {[%clk 0:08:50]} 65. Kf2 {[%clk 0:06:09]} Nf5
{[%clk 0:08:23]} 66. Ng4 {[%clk 0:06:04]} Kf8 {[%clk 0:07:20]} 67. Nf6
{[%clk 0:06:24]} Nd6 {[%clk 0:07:17]} 68. Ke3 {[%clk 0:06:35]} Nc4+
{[%clk 0:07:33]} 69. Kd4 {[%clk 0:06:45]} Nd6 {[%clk 0:07:46]} 70. Kc5
{[%clk 0:06:56]} Nf5 {[%clk 0:06:50]} 71. Ra8+ {[%clk 0:07:17]} 1-0

[Event "20eme Open de Wasselonne"]
[Site "Espace Saint-Laurent Wasselonne"]
[Date "2015.08.04"]
[Round "6.1"]
[White "Arnaudov, G. Petar"]
[Black "Bellahcene, Bilel"]
[Result "1-0"]
[BlackElo "2467"]
[WhiteElo "2466"]
[LiveChessVersion "1.4.8"]

1. d4 {[%clk 1:30:41]} d5 {[%clk 1:29:06]} 2. c4 {[%clk 1:31:00]} e6
{[%clk 1:29:28]} 3. Nf3 {[%clk 1:31:25]} Nf6 {[%clk 1:29:44]} 4. Nc3
{[%clk 1:26:43]} Be7 {[%clk 1:29:59]} 5. g3 {[%clk 1:26:57]} O-O {[%clk 1:30:11]}
6. Bg2 {[%clk 1:27:22]} dxc4 {[%clk 1:30:39]} 7. O-O {[%clk 1:27:41]} Nc6
{[%clk 1:30:01]} 8. e4 {[%clk 1:27:15]} a6 {[%clk 1:23:32]} 9. Bf4
{[%clk 1:16:52]} b5 {[%clk 1:19:27]} 10. Qe2 {[%clk 1:15:20]} Bb7
{[%clk 1:09:13]} 11. Rad1 {[%clk 1:15:18]} Re8 {[%clk 1:07:04]} 12. a3
{[%clk 1:10:48]} Bf8 {[%clk 1:00:04]} 13. Rfe1 {[%clk 1:09:33]} Na5
{[%clk 0:54:48]} 14. Qc2 {[%clk 1:07:34]} h6 {[%clk 0:55:04]} 15. h4
{[%clk 0:55:12]} Nb3 {[%clk 0:46:30]} 16. a4 {[%clk 0:54:14]} c6 {[%clk 0:45:54]}
17. e5 {[%clk 0:42:01]} Nd5 {[%clk 0:43:55]} 18. Nxd5 {[%clk 0:42:25]} exd5
{[%clk 0:37:42]} 19. e6 {[%clk 0:41:18]} Rxe6 {[%clk 0:32:52]} 20. Rxe6
{[%clk 0:40:27]} fxe6 {[%clk 0:33:21]} 21. axb5 {[%clk 0:35:03]} axb5
{[%clk 0:32:29]} 22. Bh3 {[%clk 0:31:31]} Bc8 {[%clk 0:27:20]} 23. Qg6
{[%clk 0:28:06]} Qe7 {[%clk 0:13:50]} 24. Ne5 {[%clk 0:27:25]} Qf6
{[%clk 0:05:32]} 25. Qe8 {[%clk 0:27:13]} Bb7 {[%clk 0:05:33]} 26. Qd7
{[%clk 0:24:51]} Qe7 {[%clk 0:06:02]} 27. Bxe6+ {[%clk 0:24:34]} Kh7
{[%clk 0:05:41]} 28. Bf5+ {[%clk 0:24:11]} Kg8 {[%clk 0:06:10]} 29. Nxc6
{[%clk 0:15:54]} Qxd7 {[%clk 0:04:34]} 30. Bxd7 {[%clk 0:16:19]} Bc8
{[%clk 0:03:17]} 31. Bxc8 {[%clk 0:16:21]} Rxc8 {[%clk 0:03:45]} 32. Na7
{[%clk 0:16:39]} Re8 {[%clk 0:03:34]} 33. Nxb5 {[%clk 0:16:34]} Re2
{[%clk 0:04:02]} 34. Rb1 {[%clk 0:14:33]} Re6 {[%clk 0:01:59]} 35. Nc7
{[%clk 0:10:25]} Rc6 {[%clk 0:02:14]} 36. Rd1 {[%clk 0:09:43]} g5
{[%clk 0:00:50]} 37. hxg5 {[%clk 0:10:03]} hxg5 {[%clk 0:01:19]} 38. Be5
{[%clk 0:10:27]} c3 {[%clk 0:01:39]} 39. bxc3 {[%clk 0:10:44]} Rxc3
{[%clk 0:02:08]} 40. Nxd5 {[%clk 0:10:55]} Rc2 {[%clk 0:02:22]} 41. Rb1
{[%clk 0:09:20]} Rc1+ {[%clk 0:01:22]} 42. Rxc1 {[%clk 0:09:28]} Nxc1
{[%clk 0:01:51]} 43. Kg2 {[%clk 0:09:11]} Kf7 {[%clk 0:02:13]} 44. Kf3
{[%clk 0:09:18]} Nd3 {[%clk 0:02:28]} 45. Ke3 {[%clk 0:09:15]} Nb2
{[%clk 0:02:52]} 46. Ke4 {[%clk 0:09:24]} Nd1 {[%clk 0:03:11]} 47. f3
{[%clk 0:09:28]} Ke6 {[%clk 0:03:27]} 48. Nc7+ {[%clk 0:09:21]} Kd7
{[%clk 0:03:46]} 49. Na6 {[%clk 0:09:21]} Ke6 {[%clk 0:02:14]} 50. d5+
{[%clk 0:08:28]} Kd7 {[%clk 0:02:43]} 51. Bd4 {[%clk 0:08:44]} 1-0

[Event "20eme Open de Wasselonne"]
[Site "Espace Saint-Laurent Wasselonne"]
[Date "2015.08.04"]
[Round "6.2"]
[White "Haub, Thorsten Michael"]
[Black "Ehmann, Thilo"]
[Result "1-0"]
[BlackElo "2283"]
[WhiteElo "2366"]
[LiveChessVersion "1.4.8"]

1. g3 {[%clk 1:30:58]} c5 {[%clk 1:30:51]} 2. Bg2 {[%clk 1:31:24]} g6
{[%clk 1:31:12]} 3. e4 {[%clk 1:31:48]} Bg7 {[%clk 1:30:58]} 4. d3
{[%clk 1:31:59]} e6 {[%clk 1:31:16]} 5. Nf3 {[%clk 1:32:18]} Nc6 {[%clk 1:31:34]}
6. O-O {[%clk 1:32:41]} Nge7 {[%clk 1:31:45]} 7. Nbd2 {[%clk 1:28:28]} O-O
{[%clk 1:30:43]} 8. Re1 {[%clk 1:25:44]} d5 {[%clk 1:30:05]} 9. e5
{[%clk 1:24:25]} Qc7 {[%clk 1:29:52]} 10. Qe2 {[%clk 1:24:49]} b6
{[%clk 1:23:31]} 11. Nf1 {[%clk 1:21:54]} a5 {[%clk 1:20:48]} 12. h4
{[%clk 1:21:51]} Ba6 {[%clk 1:20:47]} 13. Bf4 {[%clk 1:11:29]} c4
{[%clk 1:20:26]} 14. dxc4 {[%clk 1:09:53]} dxc4 {[%clk 1:16:24]} 15. c3
{[%clk 1:10:02]} Nd5 {[%clk 1:16:24]} 16. Bg5 {[%clk 1:07:24]} h6
{[%clk 1:13:07]} 17. Bc1 {[%clk 1:07:20]} b5 {[%clk 1:06:25]} 18. Ne3
{[%clk 1:02:19]} Nxe3 {[%clk 1:04:50]} 19. Bxe3 {[%clk 1:02:23]} Ne7
{[%clk 1:01:58]} 20. h5 {[%clk 0:53:58]} Bb7 {[%clk 0:57:07]} 21. hxg6
{[%clk 0:53:25]} Nxg6 {[%clk 0:54:59]} 22. Bd4 {[%clk 0:51:50]} Ne7
{[%clk 0:53:57]} 23. a4 {[%clk 0:51:19]} bxa4 {[%clk 0:52:07]} 24. Rxa4
{[%clk 0:45:06]} Bd5 {[%clk 0:51:34]} 25. Ra2 {[%clk 0:44:31]} Rfb8
{[%clk 0:46:02]} 26. Nd2 {[%clk 0:40:52]} Bxg2 {[%clk 0:40:34]} 27. Kxg2
{[%clk 0:41:16]} Nf5 {[%clk 0:40:37]} 28. Qxc4 {[%clk 0:33:16]} Qxc4
{[%clk 0:38:38]} 29. Nxc4 {[%clk 0:33:39]} Nxd4 {[%clk 0:39:01]} 30. cxd4
{[%clk 0:34:04]} Rb4 {[%clk 0:39:07]} 31. Rxa5 {[%clk 0:34:17]} Rxa5
{[%clk 0:39:03]} 32. Nxa5 {[%clk 0:34:42]} Rxb2 {[%clk 0:37:09]} 33. Nc4
{[%clk 0:33:04]} Rc2 {[%clk 0:33:56]} 34. Ne3 {[%clk 0:29:59]} Rd2
{[%clk 0:31:17]} 35. Rd1 {[%clk 0:30:21]} Ra2 {[%clk 0:31:41]} 36. Kf3
{[%clk 0:22:36]} Bf8 {[%clk 0:30:58]} 37. d5 {[%clk 0:15:49]} exd5
{[%clk 0:29:54]} 38. Rxd5 {[%clk 0:15:24]} Kh7 {[%clk 0:21:19]} 39. Rd7
{[%clk 0:11:28]} Kg6 {[%clk 0:19:56]} 40. Nd5 {[%clk 0:11:38]} Bc5
{[%clk 0:19:43]} 41. Nf4+ {[%clk 0:11:58]} Kg7 {[%clk 0:19:04]} 42. Ne6+
{[%clk 0:12:22]} 1-0

[Event "20eme Open de Wasselonne"]
[Site "Espace Saint-Laurent Wasselonne"]
[Date "2015.08.04"]
[Round "6.3"]
[White "Ruff, Maximilian"]
[Black "Kukov, Velislav"]
[Result "0-1"]
[BlackElo "2363"]
[WhiteElo "2226"]
[LiveChessVersion "1.4.8"]

1. d4 {[%clk 1:30:56]} Nf6 {[%clk 1:29:55]} 2. c4 {[%clk 1:31:17]} e5
{[%clk 1:28:30]} 3. dxe5 {[%clk 1:31:13]} Ng4 {[%clk 1:28:55]} 4. e3
{[%clk 1:30:15]} Nxe5 {[%clk 1:29:09]} 5. Nc3 {[%clk 1:30:36]} Bc5
{[%clk 1:26:21]} 6. f4 {[%clk 1:22:57]} Nec6 {[%clk 1:24:19]} 7. Bd2
{[%clk 1:21:51]} d6 {[%clk 1:22:46]} 8. Qh5 {[%clk 1:19:59]} Nd7 {[%clk 1:18:33]}
9. O-O-O {[%clk 1:15:54]} Nf6 {[%clk 1:08:41]} 10. Qg5 {[%clk 1:14:22]} O-O
{[%clk 1:03:19]} 11. h3 {[%clk 1:08:54]} Re8 {[%clk 0:57:10]} 12. Re1
{[%clk 1:07:59]} h6 {[%clk 0:50:02]} 13. Qh4 {[%clk 1:08:00]} Bf5
{[%clk 0:50:37]} 14. g4 {[%clk 0:59:28]} Be4 {[%clk 0:48:44]} 15. Rh2
{[%clk 0:58:40]} Qe7 {[%clk 0:24:17]} 16. Qg3 {[%clk 0:34:39]} Nb4
{[%clk 0:23:54]} 17. g5 {[%clk 0:33:57]} hxg5 {[%clk 0:22:36]} 18. fxg5
{[%clk 0:33:58]} Nd7 {[%clk 0:20:23]} 19. Nf3 {[%clk 0:31:46]} Nd3+
{[%clk 0:14:15]} 20. Bxd3 {[%clk 0:32:04]} Bxd3 {[%clk 0:14:44]} 21. Qf4
{[%clk 0:30:20]} Nb6 {[%clk 0:13:06]} 22. Nd5 {[%clk 0:28:09]} Nxd5
{[%clk 0:12:46]} 23. cxd5 {[%clk 0:28:37]} Qe4 {[%clk 0:12:28]} 24. Qxe4
{[%clk 0:26:39]} Bxe4 {[%clk 0:12:39]} 25. Nd4 {[%clk 0:26:33]} Bxd5
{[%clk 0:11:55]} 26. Bc3 {[%clk 0:23:59]} Re4 {[%clk 0:09:03]} 27. Nf5
{[%clk 0:22:08]} g6 {[%clk 0:08:19]} 28. Nh6+ {[%clk 0:22:22]} Kf8
{[%clk 0:08:37]} 29. Ng4 {[%clk 0:22:25]} Be6 {[%clk 0:07:27]} 30. Kd2
{[%clk 0:15:03]} Bb4 {[%clk 0:06:36]} 31. Nf6 {[%clk 0:11:23]} Bxc3+
{[%clk 0:06:50]} 32. Kxc3 {[%clk 0:11:42]} Rh4 {[%clk 0:07:03]} 33. e4
{[%clk 0:11:04]} Kg7 {[%clk 0:05:12]} 34. e5 {[%clk 0:06:59]} d5 {[%clk 0:04:11]}
35. Rd1 {[%clk 0:06:41]} c6 {[%clk 0:04:25]} 36. b4 {[%clk 0:03:47]} Rah8
{[%clk 0:04:01]} 37. a4 {[%clk 0:02:23]} Rc4+ {[%clk 0:03:13]} 38. Kb3
{[%clk 0:02:35]} Rhh4 {[%clk 0:03:28]} 39. b5 {[%clk 0:02:39]} Rb4+
{[%clk 0:03:44]} 40. Kc3 {[%clk 0:02:44]} Rhc4+ {[%clk 0:04:07]} 41. Kd3
{[%clk 0:02:57]} Rb3+ {[%clk 0:02:49]} 42. Ke2 {[%clk 0:03:09]} Rc2+
{[%clk 0:03:14]} 0-1

[Event "20eme Open de Wasselonne"]
[Site "Espace Saint-Laurent Wasselonne"]
[Date "2015.08.04"]
[Round "6.4"]
[White "Braeuning, Rudolf Wilhelm"]
[Black "Harovelo, Ingmar"]
[Result "1-0"]
[BlackElo "2193"]
[WhiteElo "2358"]
[LiveChessVersion "1.4.8"]

1. e4 {[%clk 1:20:47]} c5 {[%clk 1:30:45]} 2. c3 {[%clk 1:20:58]} Nf6
{[%clk 1:29:48]} 3. e5 {[%clk 1:21:18]} Nd5 {[%clk 1:30:13]} 4. d4
{[%clk 1:21:42]} cxd4 {[%clk 1:29:57]} 5. Nf3 {[%clk 1:22:05]} e6
{[%clk 1:29:28]} 6. cxd4 {[%clk 1:22:09]} b6 {[%clk 1:28:11]} 7. Nc3
{[%clk 1:21:56]} Nxc3 {[%clk 1:28:12]} 8. bxc3 {[%clk 1:22:24]} Qc7
{[%clk 1:28:23]} 9. Bd2 {[%clk 1:22:30]} d6 {[%clk 1:27:04]} 10. Bb5+
{[%clk 1:18:44]} Nd7 {[%clk 1:25:29]} 11. Ng5 {[%clk 1:00:31]} Bb7
{[%clk 1:18:23]} 12. Qh5 {[%clk 0:50:37]} g6 {[%clk 1:14:26]} 13. Qh3
{[%clk 0:50:47]} dxe5 {[%clk 1:05:51]} 14. O-O {[%clk 0:44:21]} a6
{[%clk 1:02:36]} 15. Bd3 {[%clk 0:35:00]} Bg7 {[%clk 0:35:33]} 16. Rae1
{[%clk 0:31:16]} Nf8 {[%clk 0:19:28]} 17. f4 {[%clk 0:21:26]} h6 {[%clk 0:13:56]}
18. Nf3 {[%clk 0:03:48]} exf4 {[%clk 0:05:37]} 19. Ne5 {[%clk 0:03:04]} g5
{[%clk 0:05:11]} 20. Qh5 {[%clk 0:01:19]} Bxe5 {[%clk 0:04:51]} 21. Rxe5
{[%clk 0:01:43]} O-O-O {[%clk 0:04:23]} 22. Rxg5 {[%clk 0:01:45]} hxg5
{[%clk 0:04:32]} 23. Qxh8 {[%clk 0:02:14]} Ng6 {[%clk 0:03:00]} 24. Qf6
{[%clk 0:02:39]} Qc6 {[%clk 0:02:11]} 25. Qxg5 {[%clk 0:02:00]} Rd5
{[%clk 0:02:19]} 26. Qg4 {[%clk 0:02:03]} Ne5 {[%clk 0:02:17]} 27. Qg7
{[%clk 0:01:26]} Nxd3 {[%clk 0:02:32]} 28. Rf3 {[%clk 0:01:09]} Ne5
{[%clk 0:02:19]} 29. Rh3 {[%clk 0:01:28]} Ng6 {[%clk 0:02:09]} 30. Qxf7
{[%clk 0:01:31]} Rg5 {[%clk 0:02:34]} 31. Qg8+ {[%clk 0:01:35]} Kd7
{[%clk 0:02:15]} 32. Rh7+ {[%clk 0:01:54]} Kd6 {[%clk 0:02:19]} 33. Qd8+
{[%clk 0:02:04]} 1-0

[Event "20eme Open de Wasselonne"]
[Site "Espace Saint-Laurent Wasselonne"]
[Date "2015.08.04"]
[Round "7.1"]
[White "Arnaudov, G. Petar"]
[Black "Haub, Thorsten Michael"]
[Result "1/2-1/2"]
[BlackElo "2366"]
[WhiteElo "2466"]
[LiveChessVersion "1.4.8"]

1. d4 {[%clk 1:30:54]} e6 {[%clk 1:30:30]} 2. e4 {[%clk 1:31:07]} d5
{[%clk 1:30:47]} 3. exd5 {[%clk 1:31:24]} exd5 {[%clk 1:31:05]} 4. Bd3
{[%clk 1:31:46]} Bd6 {[%clk 1:30:46]} 5. Nf3 {[%clk 1:32:07]} Nf6
{[%clk 1:31:00]} 6. O-O {[%clk 1:32:28]} O-O {[%clk 1:31:15]} 7. Bg5
{[%clk 1:32:44]} Nbd7 {[%clk 1:31:03]} 8. Re1 {[%clk 1:32:57]} Re8
{[%clk 1:31:02]} 9. Nbd2 {[%clk 1:33:10]} c6 {[%clk 1:30:51]} 10. c3
{[%clk 1:33:31]} Rxe1+ {[%clk 1:30:37]} 1/2-1/2